00363nam a2200097Ia 4500008004100000041000800041100001800049245015200067260002900219365001700248240703s9999 xx 000 0 und d aeng aAkkaya Bulent aAgile Management And Vuca-Rr: Opportunites & Threats In Industry 4.0 Towards Society 5.0 Opportunites & Threats In Industry 4.0 Towards Society 5.0 bEmerald Publishingc2022 cb 8,153.70